00995nam a22002534aa4500003000800000005001700008008004100025040003000066041000800096044000700104082001700111100004500128245015600173260002700329300004300356500003600399502018000435650003100615653001700646653001200663653001400675653001200689700004000701BOFEUTO20260512144221.0 t2025 bo gr 000 f spa d 6BOFEUTOaBOFEUTOcBOFEUTO aspa abo aTE6295bL864 aLópez Condori, Romina Alejandraeautor aDiseño de estrategias de marketing social media para la Empresa Mosaicos y Granitos López de la ciudad de Oruro. cRomina Alejandra López Condori aOruro :bs/n ;c2025 . a130 hojas :bgráf. tab. ;c28.5 cm . aIncluye bibliografía, anexos. aTesis Dirigida, (Licenciatura) -- Universidad Técnica de Oruro, Facultad de Ciencias Económicas, Financieras y Administrativas, Carrera Administración de Empresas, 2025. aEstratégias de Marketing aHerramientas aMercado aProductos aCalidad aGutiérres Ledezma, Claudiaetutor